| 000 | 01098cam a22002771 4500 | ||
|---|---|---|---|
| 001 | e 53000049 | ||
| 003 | DLC | ||
| 005 | 20260227111235.0 | ||
| 008 | 800222s1953 dcu f000 0 eng c | ||
| 010 | _ae 53000049 | ||
| 035 | _a(OCoLC)6011297 | ||
| 040 |
_aU.S. Office of Education Library _cMChB _dDLC |
||
| 042 | _apremarc | ||
| 050 | 0 | 0 |
_aL111 _b.A6 1953, no. 4 |
| 051 |
_aLB2861 _b.F53 |
||
| 082 | _a379.15 | ||
| 100 | 1 |
_aFitzwater, Charles Ocelus, _d1906- |
|
| 245 | 1 | 0 | _aEducational change in reorganized school districts. |
| 260 |
_a[Washington] _bU.S. Dept. of Health, Education and Welfare, Office of Education _c[1953] |
||
| 300 |
_aviii, 53 p. _c23 cm. |
||
| 490 | 1 |
_aUnited States. Office of Education. Bulletin, _v1953, no. 4 |
|
| 501 |
_aCopies 1 and 2 of L111.A6 with: How children learn to write / Helen K. Mackintosh. Washington : U.S. Govt. Print. Off., 1953. Bound together subsequent to publication. _5DLC |
||
| 650 | 0 |
_aSchools _xCentralization. |
|
| 740 | 0 | _aReorganized school districts. | |
| 830 | 0 |
_aBulletin (United States. Office of Education) ; _v1953, no. 4. |
|
| 999 |
_c22198 _d22198 |
||